Szczegóły MARC21

Chambers's cyclopaedia of English literature : a history, critical and biographical of British authors with specimens of their writings . Vol.1 /

005 -DATA I CZAS OSTATNIEJ MODYFIKACJI [,]
    • @
    • pole kontrolne
    • 20070315155141.9
040 -Instytucja sporządzająca opis [ , ]
    • a
    • Instytucja, która sporządziła opis (NP)
    • SZCZ U
    • c
    • Instytucja, która sporządziła rekord (NP)
    • SZCZ U
041 -Język dokumentu [0, ]
    • a
    • Język tekstu (P)
    • angielski
    • h
    • Język tekstu oryginalnego i/lub pośredniego (P)
    • angielski
942 -Rodzaj dokumentu [ , ]
    • c
    • Rodzaj dokumentu
    • Książka
245 -Strefa tytułu i oznaczenia odpowiedzialności [0, ]
    • a
    • Tytuł
    • Chambers's cyclopaedia of English literature : Find
    • b
    • Ciąg dalszy tytułu (NP)
    • a history, critical and biographical of British authors with specimens of their writings . Find
    • n
    • Oznaczenie części (P)
    • Vol.1 /
    • c
    • Pozostałe elementy strefy tytułu i oznaczenia odpowiedzialności (NP)
    • orig. ed. by Robert Chambers, rev. by Robert Carruthers.
250 -Strefa wydania [ , ]
    • a
    • Oznaczenie wydania (NP)
    • 4 ed.
260 -Strefa adresu wydawniczego [ , ]
    • a
    • Miejsce wydania (P)
    • London ; Edinburgh :
    • b
    • Nazwa wydawcy (P)
    • W. and R. Chambers,
    • c
    • Data wydania (P)
    • 1889.
300 -Strefa opisu fizycznego [ , ]
    • a
    • Określenie formy książki i/lub objętość (NP)
    • XVI, 824 s :
    • b
    • Oznaczenie ilustracji (NP)
    • [6] k. portr :
    • c
    • Format (NP)
    • 27 cm.
500 -Uwaga ogólna [ , ]
    • a
    • Uwaga ogólna (NP)
    • Ind
080 -Uniwersalna Klasyfikacja Dziesiętna [ , ]
    • a
    • Symbol klasyfikacji
    • 820(091)(02)".../18"=20
080 -Uniwersalna Klasyfikacja Dziesiętna [ , ]
    • a
    • Symbol klasyfikacji
    • +820(73)(091)(02)".../18"=20
980 -Symbol UKD [ , ]
    • a
    • UKD
    • 820(091)(02)".../18"=20+820(73)(091)(02)".../18"=20
700 -Hasło dodatkowe - nazwa osobowa [ , ]
    • a
    • Nazwa osobowa (NP)
    • Chambers Robert Find
700 -Hasło dodatkowe - nazwa osobowa [ , ]
    • a
    • Nazwa osobowa (NP)
    • Carruthers Robert Find
Lokalizacja Data inwentaryzacji Numer inwentarzowy Status udost. Sygnatura
BM1999-03-08A.19441ANG. Antologie - lit. ang. 01